000 01427nam a2200349 i 4500
001 768714001
003 CO-MdFUSB
005 20211001142651.0
007 ta
008 200708t1998 ck a|||| |||| 00| 0 spa d
020 _a[No incluye ISBN]
040 _aCO-MdFUSB
_bspa
_cCO-MdFUSB
_dCO-MdFUSBC
_erda
041 _aspa
082 _223
_a225.508089
_bM342
110 _aSociedad Bíblica Internacional
245 1 _aMaripuya Kerere Wereri Turi
_b: el nuevo testamento en siriano
_c/ Sociedad Bíblica Internacional
250 _aPrimera edición
264 1 _aBogotá, Colombia :
_bInternational Bible Society,
_c[1998]
264 4 _c©1998
300 _c843 páginas ;
_a22 cm
336 _2rdacontent
_atexto
_btxt
337 _2rdamedia
_asin mediación
_bn
338 _2rdacarrier
_avolumen
_bnc
520 _aQué alegría para los indígenas sirianos saber que Dios con su Palabra se hace presente en sus comunidades. Para que el racismo y el etnocentrismo sean desterrados del mundo, Cristo la Palabra Eterna nos hacer saber en la lectura bíblica que se siente tan bien entre los que hablan español, inglés, francés, como entre los que hablan siriano.
563 _aRústico
630 0 7 _aBiblia.
_pNuevo Testamento
650 0 _916
_aBiblia
653 _aSirianos -- Etnia indígena -- Vaupés -- Colombia .
653 _aSirianos -- Etnia indígena -- Brasil.
942 _cBK
945 _aDani
999 _c66492
_d66492